| 000 | 00956cam a22002773a 4500 | ||
|---|---|---|---|
| 001 | 18732 | ||
| 003 | PGUSA | ||
| 005 | 20140828083410.0 | ||
| 008 | 060701s2006||||xxu|||||s|||||000 | eng d | ||
| 040 |
_aPGUSA _beng |
||
| 042 | _adc | ||
| 050 | 4 | _aPA | |
| 100 | 1 | _aAesop | |
| 245 | 1 | 0 |
_aAesop's Fables : _bA New Revised Version From Original Sources _h[electronic resource] / _cAesop |
| 260 |
_bProject Gutenberg, _c2006 |
||
| 500 | _aSee also the early planned PG version #28, and comprehensive versions PG#21 tr. by George Fyler Townsend, and PG#11339 tr. by V. S. Vernon Jones. | ||
| 506 | _aPublic domain in the USA. | ||
| 516 | _aElectronic text | ||
| 653 | _aFables, Greek -- Translations into English | ||
| 700 | 1 |
_aTenniel, John, _d1820-1914 |
|
| 700 | 1 |
_aWeir, Harrison, _d1824-1906 |
|
| 700 | 1 |
_aGriset, Ernest Henry, _d1844-1907 |
|
| 830 | 0 |
_aProject Gutenberg _v18732 |
|
| 856 | 4 | 0 | _uhttp://www.gutenberg.org/ebooks/18732 |
| 942 | _cEB | ||
| 999 |
_c247987 _d247987 |
||